000 00784nam a2200265Ia 4500
003 OSt
005 20221005040324.0
006 a|||||r|||| 00| 0
007 ta
008 221004b |||||||| |||| 00| 0 eng d
024 _a18551
037 _bGift, 03/06/2015,
_cTextual
040 _aCRL
_cCRL
_beng
041 _2eng
_aeng
082 _aO111944v, M1.1
100 _aWinternitz Maurice
245 0 _aHistory of Indian literature
260 _aDelhi
_bMotilal banarsidass India
_c1981
300 _axiv, 602p.
_ccm.
490 _vVol. 1
650 _aENGLISH LITERATURE
700 _a Sarma V. Srinivasa Tr.
_9588982
942 _hO111944v, M1.1
_cTEXL
_2cc
999 _c946705
_d946705